[Event "US Masters op"]
[Site "Hendersonville"]
[Date "2010.03.20"]
[Round "6"]
[White "Xin, Samuel"]
[Black "Myers, Dominique"]
[Result "1-0"]
[WhiteElo "2045"]
[BlackElo "2136"]
[PlyCount "88"]
[EventDate "2010.03.13"]
[EventType "swiss"]
[EventRounds "9"]
[EventCountry "USA"]
[SourceTitle "EXT 2014"]
[Source "ChessBase"]
[SourceDate "2013.11.20"]
[SourceVersion "1"]
[SourceVersionDate "2013.11.20"]
[SourceQuality "1"]

1. e4 e5 2. Nf3 Nc6 3. Bc4 Nf6 4. d4 exd4 5. e5 d5 6. Bb5 Ne4 7. Nxd4 Bc5 8. Be3 0-0 9. Bxc6 bxc6 10. 0-0 Ba6 11. Re1 Re8 12. Nxc6 Bxe3 13. Rxe3 Qh4 14. Qe1 Re6 15. Nd4 Rg6 16. Nf5 Qg5 17. Ng3 Qxe5 18. Nxe4 dxe4 19. Rxe4 Qb5 20. Nc3 Qc6 21. Nd5 Rxg2+ 22. Kxg2 Qxd5 23. f3 Qc6 24. Qc3 Qxc3 25. bxc3 Kf8 26. Rd1 Bb5 27. Rb1 Bd7 28. Rd4 Ke7 29. Rb7 Kd8 30. Rc4 Rc8 31. Rxa7 c5 32. Re4 Rc6 33. Re1 Rd6 34. Kf2 g6 35. Re3 Bf5 36. Rxf7 Ra6 37. Ree7 Rxa2 38. Rb7 Rxc2+ 39. Kg3 Kc8 40. Rbe7 Rd2 41. Re8+ Rd8 42. Rxd8+ Kxd8 43. Rxh7 c4 44. Rg7 Ke8 1-0